Music Quiz

Random Music or Color Quiz

Brown Albums Quiz Stats

 Plays Quiz not verified by Sporcle

Score 0/15 Timer 08:00
0 Plays Today
% Correct
Pet Sounds- The Beach Boys
90.6%
The Doors- The Doors
86.5%
Blonde on Blonde- Bob Dylan
77.1%
Toys in the Attic- Aerosmith
65.6%
The Stooges- The Stooges
62.5%
The Band- The Band
59.4%
The College Dropout- Kanye West
58.3%
This Year's Model- Elvis Costello and the Attractions
38.5%
% Correct
Pictures at an Exhibition- Emerson, Lake & Palmer
31.3%
Every Picture Tells a Story- Rod Stewart
31.3%
American Beauty- The Grateful Dead
31.3%
Centerfield- John Fogerty
29.2%
The Rhythm of the Saints- Paul Simon
16.7%
Living With War- Neil Young
13.5%
Pin Points and Gin Joints- The Mighty Mighty Bosstones
5.2%

You're not logged in!

Compare scores with friends on all Sporcle quizzes.
OR
Log In

Show Comments

Extras

Top Quizzes Today


Score Distribution

Your Account Isn't Verified!

In order to create a playlist on Sporcle, you need to verify the email address you used during registration. Go to your Sporcle Settings to finish the process.

Report this User

Report this user for behavior that violates our Community Guidelines.

Details: